Estadísticas para Anagramas - Países Africanos

Haz click aquí para intentar la prueba.

Estadísticas generales

  • Esta prueba ha sido intentada 235 veces
  • La puntuación promedio es 13 de 20

Estadísticas de respuestas

País% Correcto
Malí
98%
Togo
98%
Kenia
93%
Gabón
92%
Ghana
89%
Níger
89%
Yibuti
89%
Chad
86%
Mozambique
85%
Seychelles
85%
Benín
84%
Túnez
84%
Madagascar
83%
Libia
80%
Tanzania
80%
República
Centroafricana
77%
Zimbabue
77%
Etiopía
76%
Camerún
73%
Mauritania
73%
Sudán
73%
Zambia
73%
Suazilandia
71%
Uganda
70%
Angola
68%
Gambia
68%
Nigeria
68%
Burundi
67%
Malaui
67%
Botsuana
66%
Namibia
65%
Guinea
64%
República Democrática del Congo
64%
Egipto
63%
Argelia
61%
Ruanda
57%
Liberia
56%
Burkina Faso
55%
Eritrea
55%
Somalia
55%
Senegal
53%
Guinea-Bissau
52%
Comoras
51%
Sudáfrica
49%
Lesoto
47%
Marruecos
47%
Mauricio
38%
Sudán del Sur
34%
Cabo Verde
31%
República del Congo
31%
Guinea Ecuatorial
30%
Costa de Marfil
24%
Santo Tomé y Príncipe
17%
Sierra Leona
17%

Distribución de puntuación

Porcentaje por número respondido

Porcentaje de gente con cada puntuación

Historial de tus puntuaciones

No has intentado esta prueba.